| Tag |
First Indicator |
Second Indicator |
Subfields |
| LEADER |
00000pam a2200000 a 4500 |
| 001 |
in00000088863 |
| 005 |
20151008063304.0 |
| 008 |
810608s1981 mdua b 00110 eng |
| 010 |
|
|
|a 81047590
|
| 020 |
|
|
|a 0801826322
|
| 035 |
|
|
|a (OCoLC)07575648
|
| 035 |
|
|
|9 AAK1950AM
|
| 039 |
0 |
|
|a 2
|b 3
|c 3
|d 3
|e 3
|
| 040 |
|
|
|a DLC
|c DLC
|d TXA
|d UtOrBLW
|
| 043 |
|
|
|a n-us---
|
| 049 |
|
|
|a TXAM
|c [1442184]
|
| 050 |
0 |
0 |
|a RA644.I6
|b S54
|
| 082 |
0 |
|
|a 614.5/18
|2 19
|
| 100 |
1 |
|
|a Silverstein, Arthur M.
|
| 245 |
1 |
0 |
|a Pure politics and impure science :
|b the swine flu affair /
|c Arthur M. Silverstein.
|
| 264 |
|
1 |
|a Baltimore, Md. :
|b Johns Hopkins University Press,
|c [1981]
|
| 264 |
|
4 |
|c ©1981
|
| 300 |
|
|
|a xv, 176 pages :
|b illustrations ;
|c 24 cm.
|
| 336 |
|
|
|a text
|b txt
|2 rdacontent
|
| 337 |
|
|
|a unmediated
|b n
|2 rdamedia
|
| 338 |
|
|
|a volume
|b nc
|2 rdacarrier
|
| 500 |
|
|
|a Includes index.
|
| 504 |
|
|
|a Bibliography: pages 171-172.
|
| 536 |
|
|
|a Donated by Dr. H.O. Kunkel, June 1998.
|
| 650 |
|
0 |
|a Swine influenza
|x Vaccination
|x Political aspects
|z United States.
|
| 650 |
|
0 |
|a Swine influenza
|z United States
|x Vaccination.
|
| 650 |
|
0 |
|a Medical policy
|z United States.
|
| 999 |
|
|
|a MARS
|
| 999 |
f |
f |
|s a3e6f563-b98a-3e4d-9a90-0c19bc1fa770
|i a6eaddc3-3d1a-3671-82d8-1e0992c52fda
|t 0
|
| 952 |
f |
f |
|p ric
|a Texas A&M University
|b Rellis Campus
|c Joint Library Facility
|s JLF
|d Remote Storage
|t 0
|e RA644.I6 .S54
|h Library of Congress classification
|i unmediated -- volume
|m A14823973758
|
| 998 |
f |
f |
|a RA644.I6 .S54
|t 0
|l Remote Storage
|